General Sanjurjo (Record no. 60623)

MARC details
000 -LEADER
campo de control de longitud fija 00663nam a2200205 i 4500
001 - NÚMERO DE CONTROL
campo de control 60623
003 - IDENTIFICADOR DE NÚMERO DE CONTROL
campo de control ES-MaACL
005 - FECHA Y HORA DE LA ÚLTIMA TRANSACCIÓN
campo de control 20230906164255.0
007 - CAMPO FIJO DE DESCRIPCIÓN FÍSICA--INFORMACIÓN GENERAL
campo de control de longitud fija t|
008 - DATOS DE LONGITUD FIJA--INFORMACIÓN GENERAL
campo de control de longitud fija 031105s1957 sp ||||1| spa d
100 1# - ENTRADA PRINCIPAL--NOMBRE DE PERSONA
Nombre de persona Esteban-Infantes y Martín, Emilio.
9 (RLIN) 48055
245 10 - MENCIÓN DEL TÍTULO
Título General Sanjurjo
Resto del título : (un laureado en el Penal del Dueso) /
Mención de responsabilidad, etc. Emilio Esteban-Infantes y Martín.
250 ## - MENCION DE EDICION
Mención de edición [1ª ed.].
260 ## - PUBLICACIÓN, DISTRIBUCIÓN, ETC.
Lugar de publicación, distribución, etc. Barcelona :
Nombre del editor, distribuidor, etc. A.H.R.,
Fecha de publicación, distribución, etc. [1957] (
Fabricante Ampurias)
300 ## - DESCRIPCIÓN FÍSICA
Extensión 318 p., 13 lám. :
Otras características físicas graf. ;
Dimensiones 19 cm.
490 1# - MENCIÓN DE SERIE
Mención de serie La epopeya y sus héroes
830 0# - PUNTO DE ACCESO ADICIONAL DE SERIE-TÍTULO UNIFORME
Título uniforme La epopeya y sus héroes
9 (RLIN) 182575
852 ## - LOCALIZACIÓN
Ubicación ES-MaACL
Número de control de estantería C-12916
Sublocalización o colección R.40789
Holdings
Estatus retirado Estado de pérdida Estado de daño No para préstamo Biblioteca de origen Biblioteca actual Ubicación en estantería Fecha de adquisición Fuente de adquisición Total de préstamos Signatura topográfica completa Código de barras Visto por última vez Precio de reemplazo Tipo de ítem Koha
        Biblioteca del Ateneo de Madrid Biblioteca del Ateneo de Madrid Sala Palomar 17/01/2008     C-12916 1063580 23/02/2023 23/02/2023 Libro impreso